000 00459nmm a2200169Ia 4500
008 251105s9999||||xx |||||||||||||||||und||
041 _aspa
100 _aMurdoch, Iris
245 0 _aEl libro y la hermandad
264 _a[Madrid, España] :
_bImpedimenta,
_c2017
300 _a656 páginas
650 _aEnglish Narrative
700 _aMurdoch, Iris
700 1 _a Bilbao, Jon
856 _uhttps://public.digitaliapublishing.com/a/50524
942 _cCF
999 _c69225
_d69225